01169cam a22002411 4500001001300000003000400013005001700017008004100034010001700075035002000092040004600112042001200158050001600170100002500186245015900211260009200370300008200462490014000544500017000684504003200854650002400886999001700910gs 16000564 DLC20260227111320.0920520s1916 ag abf b 000 0 spa c ags 16000564  a(OCoLC)25847529 aLibrary, U.S. Geological SurveycCStdDLC apremarc00aQE231b.K451 aKeidel, Hans,d1877-03aLa geología de las sierras de la provincia de Buenos Aires y sus relaciones con las montañas de Sud África y los Andes,cpor el doctor J. Keidel ... aBuenos Aires,bTalleres gráficos del Ministerio de agricultura de la nación,c1916. a78 p.bXIII pl. (part fold., incl. maps, profiles) fold. map, diagrs.c27 cm.0 aAgrentine Republic. Ministerio de agricultura de la nación. Sección geología, mineralogía y minería. Anales.vt. XI, núm. 3 aAt head of title: ... Dirección general de minas, geología e hi9drologia. Contribución al conocimiento geológico de la República Argentina. I. Geoglogía. a"Bibliografía": p. 65-71. 0aGeologyzArgentina. c25700d25700